Statistics for Metropolitan Areas with largest foreign born populations

Click here to take the quiz!

General Stats

  • This quiz has been taken 96 times
  • The average score is 16 of 18

Answer Stats

AnswerNumberRegion% Correct
New York5,656,000North America
99%
London4,051,502Europe
97%
Los Angeles4,421,000North America
97%
Paris2,429,223Europe
95%
Chicago1,625,649North America
94%
Miami1,949,629North America
94%
Sydney2,071,872Australia
94%
Toronto2,842,445North America
93%
Melbourne1,801,139Australia
92%
San Francisco2,634,270North America
92%
Houston1,113,875North America
85%
Dubai1,056,000Asia
80%
Moscow1,128,035Europe
80%
Dallas1,016,221North America
78%
Singapore1,305,011Asia
77%
Washington1,017,432North America
75%
Hong Kong2,793,450Asia
72%
Riyadh1,054,000Asia
57%

Score Distribution

Percentile by Number Answered

Percent of People with Each Score

Your Score History

You have not taken this quiz